000
00253nam a22001217a 4500
003
SGT
082
_a
337,SAL
100
_a
SALVATORE DOMINICK
245
_a
INTERNATIONAL ECONOMICS
260
_b
WILEY PUB
_c
2016
300
_a
740
942
_2
ddc
_c
GF BOOKS
999
_c
34418
_d
34418